| 000 | 00481nam a2200193Ia 4500 | ||
|---|---|---|---|
| 001 | 15053 | ||
| 003 | GE_BSU | ||
| 008 | 181216s||||||||xx |||||||||||||| ||und|| | ||
| 040 | _cGE_BSU | ||
| 080 | _a512+511 | ||
| 100 | _aВинберг,Э.Б. | ||
| 245 | _aАлгебра многочленов | ||
| 260 | _aМосква | ||
| 260 | _bПросвещение. | ||
| 260 | _c1980 | ||
| 300 | _a174стр.22см. | ||
| 653 | _aАлгебра многочленов | ||
| 942 | _cBK | ||
| 999 |
_c48171 _d48171 |
||